000 00298nam a22001337a 4500
008 170904b xxu||||| |||| 00| 0 eng d
020 _a9780803951648
041 _aeng
080 _a070
100 _a40
101 _aMED
245 _aGENDER, RACE AND CLASS IN MEDIA
_cDINES,G
942 _2udc
_cBK
999 _c25959
_d25959